Movies Quiz

Random Movies or Actress Quiz

Questioning Movie Quotes VI? Quiz Stats

 Plays Quiz Updated Nov 3, 2017

Challenge
Share
Tweet
Embed
Score 0/20 Timer 04:00
0 Plays Today
% Correct
The Dark Knight
84.6%
The Godfather: Part II
83.5%
Braveheart
83.2%
Who Framed Roger Rabbit?
80.1%
A Beautiful Mind
79.1%
The Lord of the Rings: The Return of the King
71.6%
The Terminator
69.2%
The Exorcist
63.4%
Beverly Hills Cop
63.4%
My Fair Lady
60.4%
% Correct
Mean Girls
55.6%
Inside Out
53.2%
The Martian
48.9%
Spirited Away
43.8%
Deadpool
43.5%
Prometheus
40.4%
Gandhi
39.7%
In the Name of the Father
32.6%
Sunset Boulevard
30.4%
Serenity
28.1%

You're not logged in!

Compare scores with friends on all Sporcle quizzes.
OR
Log In

You Might Also Like...

Show Comments

Extras

Top Quizzes Today


Score Distribution

Your Account Isn't Verified!

In order to create a playlist on Sporcle, you need to verify the email address you used during registration. Go to your Sporcle Settings to finish the process.

Report this User

Report this user for behavior that violates our Community Guidelines.

Details: